00762nam a2200229Ia 450000500170000000800410001704000180005804100080007606000140008410000190009824500600011726000520017730000180022949000800024750000540032750400270038165000280040865000160043665000250045265000260047765000290050320211111074339.0130821s1972 ag gr spa  aCo-BoUCMbspa00aspa aBF 466251 aSlobin, Dan I.10aIntroducción a la psicolingüísticacDan I. Slobin aBuenos Aires (Argentina)bEditorial Pidosc1972 a165 páginas aBiblioteca de psicología y sociología aplicadas.v15aSerie fundamental aMaterial donado por: Dra. Nohra Pabon. (Oct 2006) aIncluye bibliografía04aDesarrollo del lenguaje04aGramática04aPsicolingüística04aPsicología aplicada04aTeoría lingüística